000 00582nam a2200205Ia 4500
003 IIN
005 20240201162621.0
008 231217s9999 xx 000 0 und d
020 _cRs.2595.00
_a9780803610125
040 _aIIN
_bEnglish
082 _a616.890231
_bTOW
100 1 _aTownsend, Mary C
245 1 _aPsychiatric Mental Health Nursing Concepts of Care
_cMary C Townsend
250 _a4th ed
260 _bF.A.Davis Company/ Pub.
_aPhiladelphia
_c2003
300 _axxx, 957p.
650 1 _aMental Health
_vNursing
650 1 _aPsychiatric
_vNursing
942 _cBOOK
999 _c1351
_d1351